00000000nam##2200000za#4500
0019.662583
003CaOODSP
00520210615120631
007ta
008150407|2001||||xxc|||||     f|0| 0 eng|d
020 |a0-662-65545-1
040 |aCaOODSP|beng
041 |aeng
041 |afre
043 |an-cn---
0861 |aH75-8/1996
1101 |aCanada. |bHuman Resources Development Canada.
24510|aCanada Assistance Plan : |bfinal annual report, 1994-1995, 1995-1996
260 |aOttawa - Ontario : |bHuman Resources Development Canada |c2001.
300 |a58p. : |bgraphs, references, tables ; |c28 cm.
500 |a"This is the final report to Parliament respecting the operations and payments made to the provincial and territorial governments under the Canada Assistance Plan. This report includes information on the parts and components of the Canada Assistance Plan (CAP), Cost Shared Programs Division activities and separate reports for fiscal years 1994-95 and 1995-96, since these are the last two years for which provincial and territorial governments could claim costs to be shared under the Canada Assistance Plan. Since this is the final report on CAP, two special Appendices have been included to provide researchers and interested citizens with important historical information on the operation of CAP."--Outline of report.
5203 |aThis is the final report to Parliament respecting the operations and payments made to the provincial and territorial governments under the Canada Assistance Plan. This report includes information on the parts and components of the Canada Assistance Plan (CAP), Cost Shared Programs Division activities and separate reports for fiscal years 1994-95 and 1995-96, since these are the last two years for which provincial and territorial governments could claim costs to be shared under the Canada Assistance Plan. Since this is the final report on CAP, two special Appendices have been included to provide researchers and interested citizens with important historical information on the operation of CAP.--Outline of report
546 |aBilingual
563 |aSoftcover
590 |a01-32|b2001-08-10
69007|aAid programs|2gcpds
69007|aProvincial governments|2gcpds
69007|aFederal government|2gcpds
69007|aFederal provincial relations|2gcpds
792 |tRégime d'assistance publique du Canada : |efre|w(CaOODSP)9.662584